| 000 | 00590cam a22002052 4500 | ||
|---|---|---|---|
| 001 | 0000000786 | ||
| 005 | 20151217151757.0 | ||
| 008 | 070220s xx 000 0 eng d | ||
| 020 | _cKES | ||
| 040 |
_aKABU _cKABU |
||
| 050 | 0 |
_aBX2320 _b.P66 |
|
| 110 | 2 |
_aPontifical Council. _@0000149141 |
|
| 245 | 1 | 4 |
_aThe Shrine : _bmemory, presence and prophecy of the living God. |
| 260 |
_aNairobi : _bPaulines, _c1999. |
||
| 300 | _a32 p. | ||
| 650 | 0 |
_aChristian shrine (Catholic church) _@0000149142 |
|
| 908 | _a070220 | ||
| 950 | _@1 | ||
| 999 |
_c4912 _d4912 |
||